00278nam a2200121Ia 4500008004100000020001800041041000800059082001100067100001300078245002100091260003600112300000800148240521s2001 xx 000 0 und d a981-00-6326-1 aeng a720.92 aBENG T H aTROPICAL RESORTS bPAGE ONE PUBLISHING P.LTDc2001 a227